000 00614nam a2200193Ia 4500
003 IN-BaIIA
008 211028s9999 xx 000 0 eng d
040 _cIIA Library
080 _a551.5
_bIMD
110 _aIndia Meteorological Department
_9285
245 0 _aCode of storm warning signals for use at indian maritime ports
_cIndia Meteorological Department
250 _a4th ed.
260 _aDelhi
_bManager of Publications
_c1937
300 _a11p.
650 _aAstronomy and Astrophysics Thesaurus
650 _aEarth Atmosphere
_9286
650 _aMeteorology
_964
942 _cBK
999 _c136
_d136